| 000 | 00438nam a2200181Ia 4500 | ||
|---|---|---|---|
| 001 | 19918 | ||
| 005 | 20260306172728.0 | ||
| 008 | 260306t2018||||xx |||||||||||||| ||spa|| | ||
| 041 | _aESP | ||
| 082 |
_a341.4 _bM12 |
||
| 100 |
_aMacCormick, Neil _eAUT |
||
| 245 | 0 | _aRazonamiento jurídico y teoría del derecho | |
| 260 | _c2018 | ||
| 300 |
_a381 páginas : _c21 cm. |
||
| 650 | _aGEN | ||
| 654 | _aCDE | ||
| 942 |
_cLIB _dJUS _fJUS _2ddc _n |
||
| 999 |
_c19918 _d19918 |
||